MARTI PONYFEE VE BÜYÜLÜ LUNAPARK (Record no. 651480)

MARC details
000 -LEADER
sabit uzunluktaki kontrol alanı 00232nam a2200097Ia 4500
001 - KONTROL NUMARASI
kontrol alanı 651480
005 - EN SON İŞLEMİN TARİH VE ZAMANI
kontrol alanı 20250826154420.0
008 - SABİT-UZUNLUKTA VERİ ÖĞELERİ--GENEL BİLGİ
sabit uzunluktaki kontrol alanı 250824s9999 xx 000 0 und d
245 #0 - ESER / YAZAR
ESER ADI MARTI PONYFEE VE BÜYÜLÜ LUNAPARK
260 ## - YAYIN, DAĞITIM, VB.
YAYIN EVİ MARTI
Holdings
Düşüm durumu Kayıp durumu Hasar Durumu Ödünç verilmez Ana kütüphane Geçerli Kütüphane Edinilen tarih Toplam ödünç verme sayısı Barkod Son görüntüleme tarihi Fiyatın geçerli olmaya başladığı tarih Koha materyal türü
        ÖMER CEMİLE GÜLER İMAM HATİP ORTAOKULU ÖMER CEMİLE GÜLER İMAM HATİP ORTAOKULU 24.08.2025   10081426 26.08.2025 26.08.2025 Books